[Event "Teberda op 07"]
[Site "Teberda"]
[Date "2014.07.31"]
[Round "9"]
[White "Bychenkova, Yulia"]
[Black "Dogariu, Konstantin"]
[Result "0-1"]
[WhiteElo "1605"]
[BlackElo "1778"]
[PlyCount "98"]
[EventDate "2014.07.24"]
[EventType "swiss"]
[EventRounds "9"]
[EventCountry "RUS"]
[SourceTitle "EXT 2022"]
[Source "ChessBase"]
[SourceDate "2021.10.06"]
[SourceVersion "1"]
[SourceVersionDate "2021.10.06"]
[SourceQuality "1"]

1. c4 Nf6 2. Nc3 e6 3. e3 d5 4. d4 Be7 5. Nf3 0-0 6. Bd3 b6 7. 0-0 Bb7 8. b3 c5 9. cxd5 Nxd5 10. Nxd5 Qxd5 11. Bb2 Bf6 12. e4 Qh5 13. h3 Nc6 14. e5 Be7 15. Kh2 Nb4 16. g4 Bxf3 17. Qxf3 Qh4 18. Be4 Rad8 19. a3 Nd5 20. Rg1 cxd4 21. Bxd4 Qh6 22. Rad1 Nf4 23. Be3 Bg5 24. Bxf4 Bxf4+ 25. Kh1 Bxe5 26. g5 Qh4 27. Rxd8 Rxd8 28. Rg4 Qh5 29. Qe3 Bd4 30. Qd3 e5 31. Kg2 Re8 32. Qb5 Rf8 33. Qd3 Kh8 34. f4 f6 35. gxf6 Rxf6 36. Qc4 Bc5 37. b4 Bf8 38. Qd5 Rh6 39. Qd3 exf4 40. Rxf4 Qg5+ 41. Rg4 Qe5 42. Bf3 Bd6 43. Re4 Qg3+ 44. Kf1 Qxh3+ 45. Ke2 Qh2+ 46. Kf1 Qh3+ 47. Ke2 Qd7 48. Bg4 Rh2+ 49. Ke3 Rh4 0-1

[Event "Teberda op 07"]
[Site "Teberda"]
[Date "2013.07.14"]
[Round "6"]
[White "Todua, Anastasia"]
[Black "Dogariu, Konstantin"]
[Result "0-1"]
[WhiteElo "1678"]
[BlackElo "1781"]
[PlyCount "84"]
[EventDate "2013.07.09"]
[EventType "swiss"]
[EventRounds "9"]
[EventCountry "RUS"]
[SourceTitle "EXT 2014"]
[Source "ChessBase"]
[SourceDate "2013.11.20"]
[SourceVersion "1"]
[SourceVersionDate "2013.11.20"]
[SourceQuality "1"]

1. e4 e6 2. d4 d5 3. exd5 exd5 4. Nf3 Bd6 5. Bb5+ c6 6. Qe2+ Qe7 7. Bd3 Qxe2+ 8. Bxe2 Bf5 9. c3 Nf6 10. 0-0 Nbd7 11. Re1 0-0 12. Nbd2 h6 13. Nf1 Rfe8 14. Ng3 Bg6 15. Bd2 Kf8 16. Nh4 Bh7 17. Nhf5 Bc7 18. Bf3 Nb6 19. Rad1 Nc4 20. Bc1 Bxg3 21. Nxg3 Bc2 22. Rxe8+ Rxe8 23. Rf1 Bd3 24. Rd1 Bc2 25. Rf1 Bd3 26. Rd1 Bc2 27. Rf1 Nd6 28. h3 Nfe4 29. Nxe4 Bxe4 30. Bxe4 Rxe4 31. Kh2 Re2 32. Kg3 Nc4 33. b3 Nd6 34. Ba3 Ke7 35. Ra1 Kd7 36. Kf3 Rc2 37. Bb4 b6 38. Bxd6 Kxd6 39. c4 dxc4 40. bxc4 Rxc4 41. Ke4 c5 42. Kd3 Rxd4+ 0-1

[Event "Teberda op 07"]
[Site "Teberda"]
[Date "2013.07.10"]
[Round "2"]
[White "Dogariu, Konstantin"]
[Black "Abdurzukov, Khasbulat"]
[Result "0-1"]
[WhiteElo "1781"]
[BlackElo "1984"]
[PlyCount "94"]
[EventDate "2013.07.09"]
[EventType "swiss"]
[EventRounds "9"]
[EventCountry "RUS"]
[SourceTitle "EXT 2014"]
[Source "ChessBase"]
[SourceDate "2013.11.20"]
[SourceVersion "1"]
[SourceVersionDate "2013.11.20"]
[SourceQuality "1"]

1. d4 Nf6 2. Nf3 e6 3. Bf4 d5 4. e3 c5 5. c3 Nc6 6. Bd3 Be7 7. h3 0-0 8. 0-0 b6 9. Nbd2 Bb7 10. Qb1 Rc8 11. Ne5 h6 12. Ndf3 Nxe5 13. Nxe5 Ne4 14. Qd1 Bg5 15. Bxg5 Qxg5 16. Qg4 Qxg4 17. Nxg4 f6 18. f3 h5 19. Nf2 Nxf2 20. Kxf2 e5 21. Rac1 Kf7 22. a4 c4 23. Bc2 Rc7 24. Ra1 a5 25. Ke2 Re8 26. Kd2 Rce7 27. Rfe1 g6 28. Rab1 Bc6 29. Ra1 Bd7 30. Rab1 Rb8 31. Ra1 Bc6 32. Reb1 Rbe8 33. Re1 Bd7 34. Rab1 Bc6 35. Ra1 Rb8 36. Reb1 Ra7 37. Kc1 Kg7 38. Kd2 Kh6 39. Re1 b5 40. Reb1 b4 41. Kc1 Rab7 42. f4 exd4 43. exd4 Re8 44. Kd2 Rbe7 45. Bd1 Re3 46. Bf3 Rd3+ 47. Kc2 b3+ 0-1